000 02184cam a2200337 4500
008 050309n2005 000 0 eng u
020 _a0717628752
035 _a(Sirsi) u129011
041 _aeng
050 _a549.66
_c18
110 _aGreat Britain
_bHealth and Safety Executive
245 _aAsbestos: the analysts' guide for sampling, analysis and clearance procedures
260 _aSudbury
_bHSE Books
_c2005
300 _a100p. : ill. ; 30cm.
350 _a16.50
490 _aHSE Health and Safety Guidance
_v248
505 _aQuality assurance and accreditation schemes
505 _aTraining and qualifications
505 _aSampling and analysis of materials for the presence of asbestos
505 _aSampling and analysis of airborne fibre concentrations
505 _aSite assessment for reoccupation
505 _aSupervisory work carried out by analysts
505 _aPersonal protective equipment
505 _aDecontamination procedures
520 _aThis book provides advice and guidance for analysts involved in licensed asbestos removal and the sampling of asbestos-containing materials. This guidance is aimed at a technical audience, e.g. asbestos analysts, asbestos consultants, occupational hygienists, safety officers etc. It will also be useful to asbestos removal contractors and supervisors, employers, building owners and people with responsibility for managing properties and estates. Appendix 1 contains details of the future approved analytical method for evaluation of fibres in air. Amendments to the European Worker Protection Directive to be implemented by 2006 will replace the existing European Reference Method MDHS39/4 Asbesto fibres in air, with the WHO method. The updated method has been included to allow analysts to become familiar and train with the new method. MDHS39/4 should still be used until the new EU directive is implemented. Includes appendices, references and further information, and a glossary of acronyms.
590 _aNB
650 _aMANAGEMENT-HEALTH AND SAFETY-HAZARDOUS SUBSTANCES-ASBESTOS
650 _aASBESTOS REMOVAL
690 _aBUILT ENVIRONMENT-BUILDING STANDARDS
942 _n0
999 _c104083
_d104083